[Event "Aix en Provence Dole op 2nd"]
[Site "Aix en Provence"]
[Date "2024.07.24"]
[Round "5"]
[White "Gupta, Abhijeet"]
[Black "Makkar, Rajat"]
[Result "1-0"]
[WhiteElo "2587"]
[BlackElo "2459"]
[PlyCount "75"]
[EventDate "2024.07.20"]
[EventType "swiss"]
[EventRounds "9"]
[EventCountry "FRA"]
[SourceTitle "CBM 221 Extra"]
[Source "ChessBase"]
[SourceDate "2024.09.30"]
[SourceVersion "1"]
[SourceVersionDate "2024.09.30"]
[SourceQuality "1"]

1. Nf3 Nf6 2. c4 e6 3. g3 d5 4. Bg2 Be7 5. d4 0-0 6. Nc3 Nbd7 7. Qd3 a6 8. b3 b5 9. cxd5 exd5 10. 0-0 Bb7 11. Bb2 Ne4 12. Rac1 Bd6 13. Nh4 f5 14. e3 g5 15. Nf3 Qe7 16. Ne5 Rae8 17. Nxe4 dxe4 18. Qc3 Bd5 19. Qa5 Rf6 20. Rc2 Nb8 21. Rfc1 c5 22. Rxc5 Bxc5 23. dxc5 Re6 24. Nd3 Rd8 25. Nb4 Bb7 26. a4 Qd7 27. Bf1 Bc6 28. Nc2 Qd2 29. Bc3 Qxc1 30. Qxd8+ Kf7 31. Qc7+ Re7 32. Qxb8 Qxc2 33. Qh8 Re6 34. Qxh7+ Ke8 35. Qg8+ Kd7 36. Ba5 Rf6 37. Qg7+ Ke6 38. Bd8 1-0

[Event "Aix en Provence Dole op 2nd"]
[Site "Aix en Provence"]
[Date "2024.07.22"]
[Round "3"]
[White "Gupta, Abhijeet"]
[Black "Karthik, Rajaa"]
[Result "1-0"]
[WhiteElo "2587"]
[BlackElo "2382"]
[PlyCount "101"]
[EventDate "2024.07.20"]
[EventType "swiss"]
[EventRounds "9"]
[EventCountry "FRA"]
[SourceTitle "CBM 221 Extra"]
[Source "ChessBase"]
[SourceDate "2024.09.30"]
[SourceVersion "1"]
[SourceVersionDate "2024.09.30"]
[SourceQuality "1"]

1. d4 Nf6 2. c4 e6 3. g3 c5 4. d5 exd5 5. cxd5 d6 6. Nc3 g6 7. Bg2 Bg7 8. Nf3 0-0 9. 0-0 Re8 10. Re1 a6 11. a4 Nbd7 12. Bf4 Ng4 13. h3 Nge5 14. Ne4 Qe7 15. Qc2 h6 16. a5 f5 17. Ned2 g5 18. Bxe5 Nxe5 19. Nxe5 Bxe5 20. Nc4 Bd7 21. Rab1 Rac8 22. e3 Qf8 23. Bf1 Bb5 24. b3 Rc7 25. Bd3 Bxc4 26. bxc4 f4 27. exf4 gxf4 28. g4 Qf6 29. Bf5 Rf8 30. Rb3 Rg7 31. Kf1 Qd8 32. Rb6 Qh4 33. Rb3 Qd8 34. Rxe5 dxe5 35. Rb6 Qh4 36. Rb3 Qd8 37. Qe4 Qxa5 38. Qxe5 Qd2 39. Qe6+ Rgf7 40. Kg2 Qd4 41. Rxb7 Qf6 42. Rc7 Kg7 43. Qxf6+ Kxf6 44. Rxc5 Ra7 45. Rc6+ Ke5 46. d6 a5 47. d7 Rd8 48. Rc8 Ra8 49. c5 a4 50. c6 a3 51. Rxd8 1-0

[Event "Adeje Arona op"]
[Site "Adeje"]
[Date "2024.06.30"]
[Round "10"]
[White "Gupta, Abhijeet"]
[Black "Goutham Krishna, H."]
[Result "1-0"]
[WhiteElo "2589"]
[BlackElo "2324"]
[PlyCount "79"]
[EventDate "2024.06.22"]
[EventType "swiss"]
[EventRounds "10"]
[EventCountry "ESP"]
[SourceTitle "CBM 220 Extra"]
[Source "ChessBase"]
[SourceDate "2024.07.31"]
[SourceVersion "1"]
[SourceVersionDate "2024.07.31"]
[SourceQuality "1"]

1. d4 Nf6 2. c4 g6 3. Nc3 Bg7 4. e4 d6 5. Be2 0-0 6. Be3 Na6 7. h3 e5 8. d5 Nc5 9. Qc2 c6 10. Nf3 cxd5 11. cxd5 Nh5 12. b4 Na6 13. a3 f5 14. 0-0 f4 15. Bd2 Bd7 16. Rac1 Rc8 17. Qb3 h6 18. a4 Nf6 19. Bb5 g5 20. Rfe1 Kh8 21. Bxd7 Qxd7 22. Nb5 Rxc1 23. Bxc1 Nc7 24. Nxc7 Qxc7 25. Ba3 Rc8 26. b5 Bf8 27. Qb1 Qa5 28. Rc1 Rxc1+ 29. Qxc1 Kg7 30. Qc8 Qxa4 31. Nxe5 Qxa3 32. Qxb7+ Kh8 33. Ng6+ Kg8 34. Qc8 Nh7 35. e5 Qa1+ 36. Kh2 Qe1 37. Ne7+ Kh8 38. exd6 Qxf2 39. Qe6 Qg3+ 40. Kh1 1-0